Top 10 Most Obese African Countries - Statistics

General Stats
  • This quiz has been taken 23 times
  • The average score is 9 of 10
Answer Stats
% Country % Correct
32.0 Egypt
100%
26.1 Morocco
96%
28.3 South Africa
96%
26.9 Tunisia
91%
27.4 Algeria
87%
16.6 Lesotho
87%
32.5 Libya
87%
18.9 Botswana
78%
16.5 Eswatini
70%
17.2 Namibia
61%
No matching quizzes found
Score Distribution
Percent of People with Each Score
Percentile by Number Answered
Your Score History
You have not taken this quiz